[Event "It \"]
[Site "masterchessopen.com - Prague (Czech Republic)"]
[Round "14"]
[White "Stull Norbert (LUX)"]
[Black "Renman Nils-Gustaf (SWE)"]
[Result "0-1"]
[WhiteElo "2081"]
[BlackElo "2371"]

1.c4 f5 2.Nf3 Nf6 3.g3 d6 4.d4 e6 5.Bg2 Be7 6.O-O O-O 7.Nc3 Qe8 8.b3 a5 9.Bb2
Nbd7 10.Qc2 Qh5 11.e3 Bd8 12.Rad1 Rb8 13.Rfe1 b6 14.e4 fxe4 15.Nxe4 Nxe4
16.Qxe4 e5 17.g4 Qf7 18.dxe5 Nc5 19.Qe3 Bxg4 20.Nd4 Qg6 21.f4 Bh4 22.Nc6 Rbe8
23.Kh1 Qh6 24.Rg1 Bxd1 25.Bd5+ Kh8 26.Rxd1 Rxf4 27.Qg1 Ne4 28.Bxe4 Rxe4
29.exd6 Re1 30.Rxe1 Rxe1 {#R} 0-1

[Event "Tournament (team)"]
[Site "masterchessopen.com - Berlin (Germany)"]
[Round "0"]
[White "Hartston William R (ENG)"]
[Black "Schneider Bernd (GER)"]
[Result "1-0"]
[WhiteElo "2465"]
[BlackElo "2244"]

1.d4 e6 2.c4 f5 3.g3 Nf6 4.Bg2 Be7 5.Nf3 O-O 6.O-O d6 7.Nc3 Qe8 8.b3 a5 9.e3
Qh5 10.Ba3 Na6 11.d5 Nb4 12.dxe6 Bxe6 13.Nd4 Qxd1 14.Rfxd1 Bc8 15.Rd2 c6
16.Rad1 Rd8 17.Nc2 Nxc2 18.Rxc2 Kf8 19.Rcd2 Ne8 20.Ne2 Be6 21.Nd4 Kf7 22.Bh3
a4 23.Bb2 axb3 24.axb3 g6 25.e4 Bc8 26.exf5 Kf8 27.Kg2 g5 28.Ne6+ Bxe6 29.fxe6
Ra5 30.f4 d5 31.fxg5 Bxg5 32.Rf2+ {#r} 1-0

[Event "Ch DDR (w)"]
[Site "masterchessopen.com - Plauen (Germany)"]
[Round "10"]
[White "Wagner-Michel Annett (GER)"]
[Black "Kube Hannelore (GER)"]
[Result "1-0"]
[WhiteElo "2169"]
[BlackElo "1976"]

1.Nf3 f5 2.g3 Nf6 3.Bg2 e6 4.O-O Be7 5.d4 d6 6.c4 O-O 7.b3 Qe8 8.Nc3 a5 9.a3
c6 10.Ra2 Qh5 11.Re1 Ng4 12.e4 fxe4 13.Nxe4 e5 14.dxe5 dxe5 15.h3 Nf6 16.Nxf6+
Bxf6 17.g4 Qg6 18.Nxe5 Bxe5 19.Rxe5 Nd7 20.Rg5 Qf7 21.Re2 h6 22.Rf5 Nf6 23.Rf4
Bd7 24.Bb2 Rae8 25.Bxf6 Rxe2 26.Qxe2 gxf6 27.Qd2 a4 28.b4 Kg7 29.Bf1 Qe6
30.Rd4 Bc8 31.Bd3 Qe5 32.Re4 Qd6 33.c5 Qd5 34.Qe2 f5 35.Re7+ Kf6 36.Rh7 Qd8
37.Rxh6+ Kg7 38.Rd6 Qg5 39.Qe5+ Kh7 40.f4 Qh4 41.Kg2 {#r} 1-0

[Event "Ch Austria"]
[Site "masterchessopen.com - Austria"]
[Round "4"]
[White "Danner Georg (AUT)"]
[Black "Dueckstein Andreas (AUT)"]
[Result "1-0"]
[WhiteElo "2410"]
[BlackElo "2221"]

1.d4 f5 2.g3 Nf6 3.Bg2 e6 4.Nf3 Be7 5.O-O O-O 6.c4 d6 7.Nc3 Qe8 8.b3 a5 9.Bb2
Na6 10.Rc1 c6 11.Qc2 Bd7 12.Rce1 Qh5 13.a3 Rae8 14.e4 Nxe4 15.Nxe4 fxe4
16.Qxe4 Bf6 17.Bc3 b6 18.Qd3 c5 19.Re3 cxd4 20.Nxd4 Nc5 21.Qc2 e5 22.Nb5 Bg5
23.f4 exf4 24.Rxe8 Qxe8 25.Bd5+ Kh8 26.Nxd6 Qe3+ 27.Kg2 Be6 28.Rf3 Bxd5
29.cxd5 Qe7 30.Nf5 Rxf5 31.Qxf5 h6 32.gxf4 Bh4 33.Re3 Qd8 34.Qf7 {#r} 1-0

[Event "Ch BRD (juniors) (under 20)"]
[Site "masterchessopen.com - Bad Lauterberg (Germany)"]
[Round "8"]
[White "Reeh Oliver (GER)"]
[Black "Fischer Johannes (GER)"]
[Result "1-0"]
[WhiteElo "2453"]
[BlackElo "2269"]

1.d4 f5 2.g3 e6 3.Bg2 Nf6 4.Nf3 Be7 5.O-O O-O 6.c4 d6 7.Nc3 Qe8 8.b3 Nbd7
9.Ba3 Qh5 10.e3 g5 11.Nb5 Bd8 12.c5 Ne8 13.cxd6 cxd6 14.Nxd6 Nxd6 15.Bxd6 Rf6
16.Ne5 g4 17.Nxd7 Bxd7 18.h4 Rc8 19.Bxb7 Rf7 20.Rc1 Rxc1 21.Qxc1 f4 22.exf4
Qa5 23.Bc6 {#r} 1-0

[Event "It (open)"]
[Site "masterchessopen.com - Bristol (England)"]
[Round "1"]
[White "Wells Peter K (ENG)"]
[Black "Collier David (ENG)"]
[Result "1-0"]
[WhiteElo "2497"]
[BlackElo "2100"]

1.d4 f5 2.g3 e6 3.Bg2 Nf6 4.Nf3 Be7 5.O-O O-O 6.c4 d6 7.b3 Qe8 8.Nc3 c6 9.Bb2
Qg6 10.Qc2 Nbd7 11.d5 Ne4 12.dxc6 bxc6 13.Nxe4 fxe4 14.Nd4 d5 15.Nxc6 Bd6
16.c5 Bxc5 17.Qxc5 Nxc5 18.Ne7+ Kf7 19.Nxg6 hxg6 20.Ba3 Nd7 21.Bxf8 Kxf8
22.Rac1 Ne5 23.Rc7 g5 24.f3 e3 25.Rc3 d4 {#r} 1-0

[Event "Ch World (juniors) (under 20)"]
[Site "masterchessopen.com - Copenhagen (Denmark)"]
[Round "3"]
[White "Allegro Valery (SUI)"]
[Black "Luce Sebastien (FRA)"]
[Result "0-1"]
[WhiteElo "2231"]
[BlackElo "2315"]

1.d4 e6 2.c4 f5 3.Nf3 Nf6 4.g3 d6 5.Bg2 Be7 6.O-O O-O 7.b3 Qe8 8.Nc3 a5 9.Bb2
Qh5 10.e3 Nbd7 11.Nd2 Qh6 12.e4 f4 13.Nf3 fxg3 14.fxg3 e5 15.dxe5 dxe5 16.Kh1
c6 17.Nh4 g6 18.Na4 b5 19.cxb5 cxb5 20.Nc3 Bb7 21.Nxb5 Qe3 22.Re1 Qb6 23.Nc3
Rad8 24.h3 Nc5 25.Nd5 Nxd5 26.exd5 Bxh4 27.gxh4 Rf2 28.Re2 Rxg2 29.Rxg2 Bxd5
30.Qe2 Nd3 31.Rf1 Qe6 32.Kh2 Bxg2 33.Qxg2 Nf4 {#R} 0-1

[Event "Ch Baden (MB1)"]
[Site "masterchessopen.com - Kirchheim (Germany)"]
[Round "8"]
[White "Martin Stefan (GER)"]
[Black "Junker Reiner (GER)"]
[Result "1-0"]
[WhiteElo "2198"]
[BlackElo "2253"]

1.d4 e6 2.Nf3 f5 3.g3 Nf6 4.Bg2 Be7 5.O-O O-O 6.c4 d6 7.Nc3 Qe8 8.b3 Nc6 9.Re1
Qg6 10.Qc2 Ne4 11.Bb2 Bf6 12.Rad1 Bd7 13.a3 a5 14.d5 Nd8 15.dxe6 Nxe6 16.Nd5
Bxb2 {#r} 1-0

[Event "It (open)"]
[Site "masterchessopen.com - Bela Crkva (Yugoslavia)"]
[Round "0"]
[White "Galic Zeljko (BIH)"]
[Black "Stojanovski Kiril"]
[Result "1-0"]
[WhiteElo "2298"]
[BlackElo "2210"]

1.c4 f5 2.Nf3 Nf6 3.g3 e6 4.Bg2 Be7 5.O-O O-O 6.d4 d6 7.Nc3 Qe8 8.b3 Nbd7
9.Bb2 e5 10.dxe5 dxe5 11.Nd5 Bd8 12.Ba3 c5 13.Nxf6+ Bxf6 14.e4 Rb8 15.Qd5+ Rf7
16.exf5 b6 17.Nd2 Bb7 18.Qe6 e4 19.Rae1 Bc3 20.Rxe4 Bxe4 21.Nxe4 Be5 22.Ng5
Qxe6 23.fxe6 Rf5 24.exd7 Rxg5 25.Re1 Rd8 26.Bc1 Rf5 27.Bh3 Bc3 28.Bxf5 {#r}
1-0

[Event "Tournament \"]
[Site "masterchessopen.com - France"]
[Round "0"]
[White "Lengyel Levente (HUN)"]
[Black "Luce Sebastien (FRA)"]
[Result "1-0"]
[WhiteElo "2293"]
[BlackElo "2315"]

1.Nf3 e6 2.g3 f5 3.Bg2 Nf6 4.O-O Be7 5.c4 O-O 6.d4 d6 7.Nc3 Qe8 8.b3 a5 9.Bb2
c6 10.Re1 d5 11.Qc2 Qh5 12.e3 Bd7 13.Ne5 Be8 14.Ne2 Ne4 15.f3 Nd6 16.Nf4 Qh6
17.c5 Nf7 18.Nxf7 Bxf7 19.e4 dxe4 20.fxe4 g5 21.Nd3 Bf6 22.exf5 exf5 23.Ne5
Bxe5 24.Rxe5 Bg6 25.Re7 f4 26.Qc3 Rf7 27.Rxf7 Kxf7 28.d5 Bf5 29.Qh8 Qf8
30.Qf6+ Kg8 31.Qxg5+ Bg6 32.dxc6 bxc6 33.Bf1 {#r} 1-0

[Event "Bundesliga (2nd) 1982/83"]
[Site "masterchessopen.com - Germany"]
[Round "0"]
[White "Mueller Klaus-Uwe (GER)"]
[Black "Marschner Juergen (GER)"]
[Result "0-1"]
[WhiteElo "2320"]
[BlackElo "2290"]

1.d4 e6 2.Nf3 f5 3.g3 Nf6 4.Bg2 Be7 5.c4 O-O 6.O-O d6 7.Nc3 Qe8 8.b3 a5 9.Bb2
Na6 10.a3 c6 11.Re1 Qh5 12.e3 Bd7 13.Qe2 Rae8 14.Rad1 Ng4 15.h3 Nf6 16.e4 fxe4
17.Nxe4 Nxe4 18.Qxe4 Nc7 19.Qd3 b5 20.Bc3 a4 21.Ba5 bxc4 22.Qd2 c3 23.Qxc3 Nd5
24.Qd3 axb3 25.Bd2 Rb8 26.Rb1 b2 27.Nh2 Rb6 28.Qc2 Rfb8 29.Bc3 Nxc3 30.Qxc3
Rb3 31.Qc2 d5 32.a4 Bf6 33.Re3 R3b4 34.Nf3 Qg6 35.Qd1 Bxd4 36.Ra3 Bc5 37.Ne5
Qe8 38.Qc2 Bd6 39.Nd3 Rd4 40.Rb3 Rxb3 41.Qxb3 Qg6 42.Rd1 c5 {#R} 0-1

[Event "It \"]
[Site "masterchessopen.com - Pasadena (USA)"]
[Round "12"]
[White "Strauss David J (USA)"]
[Black "Yee Karl Y (USA)"]
[Result "1-0"]
[WhiteElo "2425"]
[BlackElo "2286"]

1.Nf3 f5 2.g3 Nf6 3.Bg2 d6 4.d4 e6 5.c4 Be7 6.Nc3 O-O 7.O-O Qe8 8.b3 a5 9.Bb2
c6 10.e3 Na6 11.Qe2 Bd7 12.e4 fxe4 13.Nxe4 Qh5 14.Rfe1 Nxe4 15.Qxe4 Rae8 16.c5
dxc5 17.Ne5 Bc8 18.Rad1 Nb4 19.dxc5 Bxc5 20.Bd4 Bxd4 21.Rxd4 Nxa2 22.Qe3 Rd8
23.Rh4 Qe8 24.Be4 h6 25.Bb1 Nb4 26.Qe4 Rf5 27.g4 Rxe5 28.Qh7+ Kf8 29.Rxe5 Rd1+
30.Kg2 Qd8 31.Rh3 Nd5 32.Rf3+ Nf6 33.g5 hxg5 34.Rxg5 Rg1+ 35.Kxg1 Qd1+ 36.Kg2
Qxf3+ 37.Kxf3 Nxh7 38.Bxh7 {#r} 1-0

[Event "Ch Austria"]
[Site "masterchessopen.com - Wolfsberg (Austria)"]
[Round "0"]
[White "Miniboeck Guenter (AUT)"]
[Black "Dueckstein Andreas (AUT)"]
[Result "0-1"]
[WhiteElo "2290"]
[BlackElo "2335"]

1.d4 e6 2.c4 f5 3.Nf3 Nf6 4.g3 Be7 5.Bg2 d6 6.O-O O-O 7.Nc3 Qe8 8.b3 a5 9.Bb2
Na6 10.e3 c6 11.Qe2 Bd7 12.e4 fxe4 13.Nxe4 Qh5 14.Rfe1 Nxe4 15.Qxe4 Nc7 16.Qe2
a4 17.b4 a3 18.Bc3 b5 19.c5 Nd5 20.Bd2 Ra4 21.Rab1 dxc5 22.Ne5 Qxe2 23.Rxe2
Be8 24.dxc5 Bf6 25.Bh3 Nc7 26.Rb3 Bh5 27.Re1 Bxe5 28.Rxe5 Rd8 29.Be1 Rd1
30.Kf1 Bg6 31.Ree3 Kf7 32.f4 Ra1 33.Re2 Bb1 34.f5 exf5 35.Rf3 g6 36.g4 Bxa2
37.gxf5 g5 38.Kf2 Bc4 39.Re6 a2 40.Bc3 Rc1 41.Rf6+ Kg8 42.Rg3 Rc2+ {#R} 0-1

[Event "?"]
[Site "masterchessopen.com - Lvov (Ukraine)"]
[Round "0"]
[White "Karpeshov Oleg (RUS)"]
[Black "Rotstein Efim (GER)"]
[Result "1-0"]
[WhiteElo "2384"]
[BlackElo "2341"]

1.d4 f5 2.Nf3 Nf6 3.g3 e6 4.Bg2 Be7 5.O-O O-O 6.c4 d6 7.Nc3 Qe8 8.b3 Nc6 9.d5
exd5 10.cxd5 Ne5 11.Nd4 Qg6 12.f4 Neg4 13.h3 Nh6 14.Qd3 Bd7 15.Bd2 Rae8 16.Ne6
Bxe6 17.dxe6 c6 18.e4 fxe4 19.Nxe4 d5 20.Nxf6+ Rxf6 21.Qf3 Nf5 22.g4 Nh4
23.Qf2 Qd3 24.f5 Bd8 25.Rae1 Bb6 26.Be3 Nxg2 27.Kxg2 Ba5 28.Bd4 Rh6 29.Qe3
Qxe3 30.Rxe3 Bb6 31.Bxb6 axb6 32.Kg3 g5 33.b4 Rf6 34.b5 c5 35.Re5 d4 36.Rd5
Kf8 37.Re1 Ra8 38.Rd7 h6 39.a4 Ke8 40.Rg7 Rxa4 41.e7 {#r} 1-0

[Event "It (open)"]
[Site "masterchessopen.com - Eppingen (Germany)"]
[Round "3"]
[White "Gersinska Juergen (GER)"]
[Black "Buth Lothar (GER)"]
[Result "0-1"]
[WhiteElo "2271"]
[BlackElo "1953"]

1.d4 e6 2.Nf3 f5 3.g3 Nf6 4.Bg2 Be7 5.O-O O-O 6.c4 d6 7.b3 Qe8 8.Nc3 Nbd7
9.Qc2 Qh5 10.e4 fxe4 11.Nxe4 e5 12.dxe5 Ng4 13.h3 Ngxe5 14.Nd4 Nc5 15.f4 Bxh3
16.Bb2 Ng4 17.Rae1 Nxe4 18.Qxe4 Bxg2 19.Qxg2 Bf6 20.Ne6 Bxb2 21.Qxb2 Rf6
22.Qg2 Re8 23.Ng5 Ne3 24.Qf3 Rh6 25.Qxh5 Rxh5 26.Rf3 h6 27.Rfxe3 Rxe3 28.Rxe3
hxg5 29.Re7 gxf4 30.Rxc7 fxg3 31.Rxb7 Ra5 32.Kg2 Rxa2+ 33.Kxg3 Rb2 34.Rb5 Kf7
{#R} 0-1

[Event "Olympiad"]
[Site "masterchessopen.com - Salonika (Greece)"]
[Round "0"]
[White "Stempin Pawel (POL)"]
[Black "Nielsen Thomas Bach (DEN)"]
[Result "1-0"]
[WhiteElo "2362"]
[BlackElo "2219"]

1.d4 f5 2.g3 Nf6 3.Bg2 e6 4.Nf3 d6 5.O-O Be7 6.c4 O-O 7.Nc3 Qe8 8.b3 Nc6 9.Bb2
Bd7 10.d5 Nd8 11.dxe6 Nxe6 12.e3 Qh5 13.Nd5 Bd8 14.Rc1 Ne4 15.Nd4 Qf7 16.Ne2
g5 17.Qc2 Qh5 18.g4 Qh4 19.gxf5 N6c5 20.f3 Nf6 21.Ng3 c6 22.Nxf6+ Bxf6 23.Bxf6
Rxf6 24.Rfd1 g4 25.Rd4 h5 26.fxg4 Qg5 27.Qd2 h4 28.Nh5 Rh6 29.e4 Nxe4 30.Bxe4
Rxh5 31.Qxg5+ Rxg5 32.Kf2 Kf8 33.Kf3 Re8 34.Rxd6 Rxe4 35.Kxe4 Rxg4+ 36.Ke5
{#r} 1-0

[Event "It (open)"]
[Site "masterchessopen.com - St. Ingbert (Germany)"]
[Round "1"]
[White "Nickl Klaus (AUT)"]
[Black "Matriciani Ruediger (GER)"]
[Result "1-0"]
[WhiteElo "2144"]
[BlackElo "1987"]

1.Nf3 f5 2.d4 Nf6 3.g3 e6 4.Bg2 Be7 5.O-O O-O 6.c4 d6 7.Nc3 Qe8 8.b3 Nc6 9.d5
Ne5 10.dxe6 Nxf3+ 11.exf3 Bxe6 12.Re1 Qd7 13.Nb5 Bf7 14.Bb2 Rfe8 15.Qd3 a6
16.Nd4 f4 17.Nf5 Be6 18.Nd4 Bf7 19.Qf5 fxg3 20.hxg3 d5 21.f4 c6 22.cxd5 Bxd5
23.Qxd7 Nxd7 24.Bxd5+ cxd5 25.Rac1 Bc5 26.Ne6 Re7 27.Nxc5 Rxe1+ 28.Rxe1 Nxc5
29.Re7 Nd3 30.Rxg7+ {#r} 1-0

[Event "Bundesliga 1988/89 (2nd)"]
[Site "masterchessopen.com - Germany"]
[Round "0"]
[White "Schulze Eberhard (GER)"]
[Black "Bohn Thomas (GER)"]
[Result "1-0"]
[WhiteElo "2210"]
[BlackElo "2340"]

1.Nf3 f5 2.g3 Nf6 3.Bg2 d6 4.d4 e6 5.O-O Be7 6.c4 O-O 7.Nc3 Qe8 8.b3 a5 9.Qc2
Nc6 10.a3 e5 11.d5 Nb8 12.Bd2 Na6 13.Qb2 Qh5 14.b4 f4 15.gxf4 Bh3 16.Bxh3 Qxh3
17.Ng5 Qh4 18.f3 Nd7 19.Nce4 exf4 20.Ne6 Bf6 21.Bc3 Bxc3 22.Qxc3 Rf7 23.Kh1
Qe7 24.Rg1 Ne5 25.b5 Nb8 26.c5 Qd7 27.Nxg7 {#r} 1-0

[Event "It (open)"]
[Site "masterchessopen.com - Chartres (France)"]
[Round "2"]
[White "Spassov Liuben (BUL)"]
[Black "Danzanvilliers Patrice (FRA)"]
[Result "1-0"]
[WhiteElo "2367"]
[BlackElo "1819"]

1.Nf3 f5 2.g3 Nf6 3.Bg2 d6 4.d4 e6 5.c4 Be7 6.O-O O-O 7.Nc3 Qe8 8.b3 Nc6 9.Bb2
Bd8 10.d5 exd5 11.cxd5 Ne5 12.e3 Nxf3+ 13.Qxf3 Qh5 14.Qxh5 Nxh5 15.Rac1 a6
16.Ne2 g6 17.Rc2 Bd7 18.Rfc1 Rc8 19.Bc3 Ng7 20.Nf4 Ne8 21.h4 Bf6 22.Ba5 Bd8
23.Ne6 Rf7 24.Nxd8 Rxd8 25.Bxc7 Nxc7 26.Rxc7 Be8 27.Bh3 Rdd7 28.Rc8 Rf8 29.e4
Re7 30.exf5 gxf5 31.R1c7 Ref7 32.a4 Kg7 33.Bxf5 {#r} 1-0

[Event "It (w)"]
[Site "masterchessopen.com - Dresden (Germany)"]
[Round "0"]
[White "Lelchuk Zoja (GER)"]
[Black "Zaitseva Ludmila G (RUS)"]
[Result "1-0"]
[WhiteElo "2325"]
[BlackElo "2352"]

1.Nf3 e6 2.g3 f5 3.Bg2 Nf6 4.O-O Be7 5.c4 O-O 6.b3 d6 7.d4 Qe8 8.Nc3 Nbd7
9.Ng5 Bd8 10.d5 e5 11.Ne6 Rf7 12.e4 fxe4 13.Nxe4 Nxe4 14.Bxe4 Nf8 15.Qd3 g6
16.Bh6 Nxe6 17.dxe6 Bxe6 18.Bxg6 Bf6 19.Bxf7+ Qxf7 20.f3 Rd8 21.Rad1 c6 22.f4
e4 23.Qxe4 d5 24.Qe2 dxc4 25.f5 Bd5 26.bxc4 Bxc4 27.Qg4+ Kh8 28.Rxd8+ Bxd8
29.Bg7+ Qxg7 30.Qxc4 h5 31.Kh1 Bf6 32.Qe6 h4 33.Qe8+ Kh7 34.Qh5+ Kg8 35.Re1
Be7 36.Qe8+ Bf8 37.gxh4 {#r} 1-0

[Event "It (open)"]
[Site "masterchessopen.com - Kecskemet (Hungary)"]
[Round "6"]
[White "Golikov Anatolij (RUS)"]
[Black "Szakolczai Peter (HUN)"]
[Result "1-0"]
[WhiteElo "2338"]
[BlackElo "2234"]

1.d4 e6 2.c4 f5 3.g3 Nf6 4.Bg2 Be7 5.Nf3 O-O 6.O-O d6 7.Nc3 Qe8 8.b3 a5 9.Bb2
Na6 10.e3 c6 11.Qe2 Qg6 12.Rfe1 Bd7 13.a3 Ne4 14.Nxe4 fxe4 15.Nd2 d5 16.f3
exf3 17.Nxf3 Bd6 18.e4 Rae8 19.Rad1 Nc7 20.Nh4 {#r} 1-0

[Event "Ch Yugoslavia (qual)"]
[Site "masterchessopen.com - Kladovo (Yugoslavia)"]
[Round "0"]
[White "Pavlovic Milos (SRB)"]
[Black "Vlahovic Svetozar (SRB)"]
[Result "1-0"]
[WhiteElo "2531"]
[BlackElo "2150"]

1.c4 f5 2.g3 Nf6 3.Bg2 e6 4.Nf3 Be7 5.O-O O-O 6.d4 d6 7.Nc3 Qe8 8.b3 c6 9.Qc2
Qg6 10.Ba3 Nbd7 11.e3 Re8 12.d5 Ng4 13.h3 Nge5 14.Nd4 exd5 15.cxd5 Nf6 16.dxc6
bxc6 17.Nce2 Ba6 18.Nf4 Qf7 19.Rfd1 g6 20.Nde6 d5 21.Ng5 Qg7 22.Nfe6 Qh6
23.Bb2 Nfg4 24.hxg4 Bxg5 25.Nxg5 Nxg4 26.Nf3 Re6 27.Rd4 Rae8 28.Re1 Kf7 29.Ra4
Bb7 30.Rxa7 R6e7 31.Bd4 {#r} 1-0

[Event "It (open)"]
[Site "masterchessopen.com - Reykjavik (Iceland)"]
[Round "0"]
[White "Palsson B (ISL)"]
[Black "Gunnarsson Arinbjorn (ISL)"]
[Result "1-0"]
[WhiteElo "2020"]
[BlackElo "2244"]

1.d4 f5 2.g3 Nf6 3.Bg2 e6 4.Nf3 Be7 5.c4 O-O 6.O-O d6 7.b3 Qe8 8.Nc3 a5 9.Bb2
Na6 10.e3 Bd8 11.Re1 Bd7 12.a3 Rb8 13.e4 fxe4 14.Nxe4 Nxe4 15.Rxe4 c6 16.Qe2
b5 17.Bh3 Nc7 18.c5 d5 19.Re3 Bf6 20.Ne5 Bxe5 21.Rxe5 Qf7 22.Bc1 h6 23.Bf4 Rb7
24.Re3 e5 25.Bxd7 exf4 26.Re7 Qg6 27.Qe5 Kh7 28.Bxc6 Ra7 29.Bxd5 Nxd5 30.Rxa7
f3 31.Qxd5 Qg4 32.Qe5 h5 33.Re1 {#r} 1-0

[Event "It (festival)"]
[Site "masterchessopen.com - Budapest (Hungary)"]
[Round "0"]
[White "Hansen Sune Berg (DEN)"]
[Black "Magomedov Magaram (RUS)"]
[Result "1-0"]
[WhiteElo "2566"]
[BlackElo "2503"]

1.d4 e6 2.c4 f5 3.g3 Nf6 4.Bg2 Be7 5.Nf3 O-O 6.O-O d6 7.Nc3 Qe8 8.b3 Qh5 9.Ba3
a5 10.d5 Ne4 11.Nb5 Na6 12.dxe6 Bxe6 13.Bb2 Rae8 14.e3 Qh6 15.Nfd4 Bc8 16.Nc3
Bd8 17.a3 Nf6 18.Qc2 Qh5 19.Nd5 Ng4 20.Nf3 c6 21.Nf4 Qh6 22.Nd3 Nc7 23.c5 Nd5
24.cxd6 Qxd6 25.Bd4 Qh6 26.h3 Ngf6 27.b4 Ne4 28.b5 f4 29.Nxf4 Nxf4 30.exf4
Bxh3 31.bxc6 bxc6 32.Ne5 Nf6 33.Qxc6 Bf5 34.Rfe1 Re6 35.Qc4 Re8 36.Re3 Qh5
37.Bf3 Qh3 38.Rae1 h5 39.Bg2 {#r} 1-0

[Event "It (open)"]
[Site "masterchessopen.com - Los Angeles (USA)"]
[Round "0"]
[White "Aird Ian (SCO)"]
[Black "Pinto Mark (USA)"]
[Result "1-0"]
[WhiteElo "2000"]
[BlackElo "2120"]

1.d4 f5 2.g3 Nf6 3.Bg2 e6 4.Nf3 Be7 5.O-O O-O 6.c4 d6 7.Nc3 Qe8 8.b3 a5 9.Bb2
Na6 10.Ne1 c6 11.Nd3 Bd8 12.e4 e5 13.dxe5 dxe5 14.Qe2 Bc7 15.exf5 Bxf5 16.Ne4
Qg6 17.Nxf6+ gxf6 18.Rfd1 Rad8 19.Ne1 Nb4 20.Bc3 Bb6 21.c5 Bxc5 22.Qc4+ Nd5
23.Qxc5 Be4 24.Bxa5 Ra8 25.Bd2 Bxg2 26.Nxg2 f5 27.Qc4 b5 28.Qh4 f4 29.Kh1 Rf5
30.gxf4 Kf7 31.fxe5 Rg8 32.e6+ Qxe6 33.Rg1 Nf6 34.Ne3 Rh5 35.Qf4 Rd8 36.Bc3
Qe4+ 37.Qxe4 Nxe4 38.Be1 Rd6 39.Rd1 Rdh6 40.Ng4 Rg6 41.f3 Ng5 42.Ne5+ {#r} 1-0

[Event "It (open)"]
[Site "masterchessopen.com - Moscow (Russia)"]
[Round "2"]
[White "Kulikov V (RUS)"]
[Black "Otman Viktor (RUS)"]
[Result "0-1"]
[WhiteElo "2204"]
[BlackElo "2220"]

1.d4 e6 2.Nf3 f5 3.g3 Nf6 4.Bg2 Be7 5.O-O O-O 6.c4 d6 7.Nc3 Qe8 8.b3 a5 9.Bb2
Na6 10.e3 Rb8 11.a3 Bd7 12.Qe2 c6 13.e4 Nxe4 14.Nxe4 fxe4 15.Qxe4 b5 16.cxb5
Rxb5 17.Nd2 a4 18.Bc3 axb3 19.a4 Rb8 20.Rab1 c5 21.Qe2 Qc8 22.Nxb3 Bf6 23.Qe3
Bxa4 24.dxc5 Bxb3 25.Bxf6 Rxf6 26.Rxb3 Rxb3 27.Qxb3 Nxc5 28.Qb6 Qf8 29.Ra1 d5
30.Qc6 Qe7 31.Ra5 Nd7 32.Ra7 Qb4 33.Ra8+ Nf8 34.f4 Qd4+ 35.Kf1 g5 36.Bh3 Qe4
37.Bg2 Qd3+ 38.Kg1 gxf4 {#R} 0-1

[Event "Ch Slovenia"]
[Site "masterchessopen.com - Slovenia"]
[Round "0"]
[White "Podvrsnik Marko (SLO)"]
[Black "Gliksman Darko (CRO)"]
[Result "1-0"]
[WhiteElo "2196"]
[BlackElo "2270"]

1.d4 e6 2.c4 f5 3.g3 Nf6 4.Bg2 Be7 5.Nf3 d6 6.O-O O-O 7.b3 Qe8 8.Nc3 a5 9.Re1
Qh5 10.Qd3 Nc6 11.Bf4 Ng4 12.h3 Nh6 13.Bxh6 Qxh6 14.e4 e5 15.Nd5 Bd8 16.dxe5
Nxe5 17.Nxe5 dxe5 18.exf5 Bxf5 19.Qe3 c6 20.Qxh6 gxh6 21.Ne3 Bb6 22.Nxf5 Rxf5
23.Re2 Bd4 24.Rd1 Raf8 25.Rdd2 a4 26.Be4 Rg5 27.Kg2 a3 28.Rd3 Rg7 29.b4 Bb2
30.Rd6 Bc1 31.b5 cxb5 32.cxb5 h5 33.Rc2 Bg5 34.b6 h4 35.g4 Rf6 36.Rd8+ Rf8
37.Rxf8+ Kxf8 38.Rc7 Bd2 39.Bxb7 Ba5 40.Rc8+ Ke7 41.Rc6 Rg6 42.Rc7+ Kd6 43.Be4
Bxb6 44.Rb7 Bd4 45.Bxg6 hxg6 46.Rg7 Kd5 47.Rxg6 Kc4 48.Rc6+ {#r} 1-0

[Event "It (cat.4)"]
[Site "masterchessopen.com - Werfen (Austria)"]
[Round "1"]
[White "Mandl Robert (GER)"]
[Black "Fahrner Kurt (AUT)"]
[Result "1-0"]
[WhiteElo "2288"]
[BlackElo "2319"]

1.c4 f5 2.Nf3 Nf6 3.g3 e6 4.Bg2 Be7 5.O-O O-O 6.b3 Qe8 7.d4 d6 8.Nc3 Nc6 9.Bb2
a5 10.Re1 Ne4 11.e3 Nxc3 12.Bxc3 Bf6 13.a3 Bd7 14.b4 Qg6 15.b5 Ne7 16.Nd2 d5
17.a4 c6 18.b6 c5 19.Nb3 cxd4 20.exd4 dxc4 21.Nc5 Bc6 22.Nxe6 Rf7 23.Qe2 Rc8
24.Nc7 Bxg2 25.Kxg2 Bg5 26.Bxa5 f4 27.Qe6 Qh5 28.Ra3 Rf8 29.g4 f3+ 30.Rxf3 Qh4
31.Nd5 Nxd5 32.Qxf7+ {#r} 1-0

[Event "Ch NRW"]
[Site "masterchessopen.com - Cologne (Germany)"]
[Round "3"]
[White "Wurzel Andre (GER)"]
[Black "Lukovski Lev (GER)"]
[Result "1-0"]
[WhiteElo "2243"]
[BlackElo "1956"]

1.c4 f5 2.Nf3 Nf6 3.g3 d6 4.d4 e6 5.Bg2 Be7 6.O-O O-O 7.b3 Qe8 8.Nc3 c6 9.Qc2
d5 10.Ne5 Nbd7 11.Bb2 Nxe5 12.dxe5 Ng4 13.cxd5 exd5 14.h3 Nh6 15.e3 Be6 16.Ne2
Qd7 17.Rad1 Nf7 18.f4 Qc8 19.Nd4 Nh6 20.Rf2 g6 21.Rfd2 Rd8 22.Qc3 a5 23.a3 Kf7
24.Bf3 Bf8 25.Kh1 Qd7 26.Rg2 Qe7 27.Rdg1 Qc5 28.Qe1 Qe7 29.g4 Rd7 30.g5 Ng8
31.h4 Ke8 32.h5 Kd8 33.Rh2 Qf7 34.hxg6 hxg6 35.Kg2 c5 36.Nxe6+ Qxe6 37.Kg3 d4
38.exd4 cxd4 39.Qd1 Bc5 40.Rd2 Ne7 41.Bxd4 Bxa3 42.Rh1 Ra6 43.Bxb7 Nd5 44.Bxd5
Rxd5 45.Bb6+ Rxb6 46.Rxd5+ Kc8 47.Rd8+ Kc7 48.Rh7+ Be7 49.Re8 Rxb3+ 50.Kh4
{#r} 1-0

[Event "It (open)"]
[Site "masterchessopen.com - Copenhagen (Denmark)"]
[Round "0"]
[White "Krasenkow Michal (POL)"]
[Black "Schmittdiel Eckhard (GER)"]
[Result "1-0"]
[WhiteElo "2495"]
[BlackElo "2485"]

1.d4 f5 2.g3 Nf6 3.Bg2 e6 4.Nf3 Be7 5.O-O O-O 6.c4 d6 7.Nc3 Qe8 8.b3 a5 9.Ne1
Nc6 10.d5 Nd8 11.dxe6 Nxe6 12.Nd5 Nxd5 13.Bxd5 Bf6 14.Rb1 Kh8 15.Nd3 Ng5
16.Bg2 Ne4 17.Bb2 Nc3 18.Bxc3 Bxc3 19.Nf4 Bf6 20.Qd3 Be7 21.e4 c6 22.h4 Qf7
23.Rbe1 a4 24.b4 a3 25.Re3 Bf6 26.exf5 Be5 27.Ne6 Bxe6 28.fxe6 Qf6 29.Bh3 Rae8
30.Qxa3 Bd4 31.Re2 g5 32.hxg5 Qxg5 33.Kg2 Rf4 34.Qc1 Be5 35.Qe3 Qg6 36.Rc1 Rf6
37.Rd1 Qh5 38.c5 Rh6 39.g4 Rg8 40.Qf3 Rf6 41.Qa3 Qg5 42.Qe3 Qh4 43.e7 Rfg6
44.cxd6 Rxg4+ 45.Kh1 Re4 46.Rg1 Bg7 47.Rg3 Rxe3 48.Rexe3 Qh5 49.d7 Qd5+ 50.Kh2
{#r} 1-0

[Event "It (open)"]
[Site "masterchessopen.com - Forli (Italy)"]
[Round "7"]
[White "Lagrotteria Salvatore (ITA)"]
[Black "Bezzi Massimo (SMR)"]
[Result "0-1"]
[WhiteElo "2198"]
[BlackElo "2068"]

1.Nf3 f5 2.g3 Nf6 3.Bg2 d6 4.d4 e6 5.O-O Be7 6.b3 O-O 7.c4 Qe8 8.Nc3 Nbd7
9.Ng5 Bd8 10.d5 e5 11.Ne6 Rf7 12.Qc2 Nf8 13.Nxd8 Qxd8 14.b4 a5 15.Ba3 axb4
16.Bxb4 Ng6 17.c5 Ne8 18.a4 Ne7 19.a5 f4 20.c6 Nf5 21.Qd3 Nd4 22.cxb7 Bxb7
23.Bh3 Rf6 24.a6 Bc8 25.Bg2 Bf5 26.Be4 Qd7 27.Bxf5 Rxf5 28.f3 Nf6 29.g4 Rg5
30.Kf2 Qf7 31.Ne4 Rg6 32.Nxf6+ Qxf6 33.Ke1 e4 34.Qc3 exf3 35.Ra2 fxe2 36.Rf2
Rxg4 37.Rfxe2 Nxe2 38.Qc6 Rg1+ 39.Kxe2 Rg2+ 40.Kf3 Rxa2 41.Qxa8+ Qf8 42.Qb7
Qe8 43.a7 Qe3+ 44.Kg4 Rg2+ 45.Kh4 g5+ {#R} 0-1